| 000 | 02567nam a22003737a 4500 | ||
|---|---|---|---|
| 005 | 20090119160731.0 | ||
| 008 | 090119t xxu||||| |||| 00| 0 eng d | ||
| 010 | _aB-357806 | ||
| 020 |
_a0439306086 _c110.00 |
||
| 035 | _aB-357806 | ||
| 035 | _aB-345511-518 | ||
| 037 | _bTarun Books | ||
| 040 |
_aDPL _bEnglish |
||
| 082 | _aS | ||
| 100 | _aAbbott, Tony | ||
| 245 |
_aThe moon scroll / _cby Tony Abbott; illustrated by Tim Jessell |
||
| 260 |
_aNew Delhi _bScholastic Inc. _c2008(repr.). |
||
| 270 |
_a557 Broadway _bNew York _eNY 10012 |
||
| 300 |
_a129p.: _bill. _c19cm(pbk) |
||
| 490 |
_aThe secrets of Droon _v15 |
||
| 700 | _aJessell, Tim | ||
| 942 |
_2ddc _cCH _hS _mABB |
||
| 999 |
_c21448 _d21448 |
||